Sports Quiz

Random Sports or College Quiz

Freshmen basketball player year Quiz Stats

 Plays Quiz not verified by Sporcle

Score 0/23 Timer 06:00
0 Plays Today
Year Player % Correct
2019Zion Williamson (Duke)
100%
2007Kevin Durant (Texas)
83.5%
2012Anthony Davis (Kentucky)
83.1%
2008Kevin Love (UCLA)
61.8%
2008Michael Beasley (Kansas State)
60.2%
2018Marvin Bagley (Duke)
57.1%
2018DeAndre Ayton (Arizona)
57.1%
2010John Wall (Kentucky)
45.7%
2015Jahlil Okafor (Duke)
36.4%
2013Marcus Smart (Oklahoma State)
33.9%
2017Malik Monk (Kentucky)
27.3%
2016Derrick Griffin (Texas Southern)
27.3%
Year Player % Correct
1989Chris Jackson (LSU)
19.7%
1983Wayman Tisdale (Oklahoma)
17.3%
1982Keith Lee (Memphis State)
9.4%
1993Gary Trent (Ohio)
9.1%
1996Shareef Abdur-Rahim (Cal)
9.1%
1999Quentin Richardson (DePaul)
7.1%
1983Karl Malone (Louisiana Tech)
5.5%
2002Jason Conley (VMI)
4.3%
2010C. J. McCollum (Lehigh)
4.3%
1990Tony Dunkin (Coastal Carolina)
2.4%
2019Lamine Diane (Cal State Northridge)
0%

You're not logged in!

Compare scores with friends on all Sporcle quizzes.
OR
Log In

Show Comments

Extras

Top Quizzes Today


Score Distribution

Your Account Isn't Verified!

In order to create a playlist on Sporcle, you need to verify the email address you used during registration. Go to your Sporcle Settings to finish the process.

Report this User

Report this user for behavior that violates our Community Guidelines.

Details: